[Event "Pafnutieff Memorial G/45"]
[Site "San Francisco"]
[Date "2005.08.06"]
[Round "2"]
[White "Vora, Partha"]
[Black "Mohan, Vijay"]
[Result "1-0"]
[WhiteElo "1536"]
[BlackElo "1352"]
[PlyCount "33"]
[EventDate "2005.08.06"]
[EventType "swiss (rapid)"]
[EventRounds "5"]
[EventCountry "USA"]

1. e4 c5 2. Nf3 Nc6 3. d4 cxd4 4. Nxd4 g6 5. Nc3 Bg7 6. Be3 Nf6 7. Bc4 O-O 8.
O-O Nxe4 9. Bxf7+ Rxf7 10. Nxe4 e5 11. Nb5 d5 12. Bg5 Qb6 13. Qxd5 Nb4 14. Qc4
Bf5 15. Ned6 Nxc2 16. Nxf7 Kf8 17. Nfd6 1-0

[Event "Pafnutieff Memorial G/45"]
[Site "San Francisco"]
[Date "2005.08.06"]
[Round "2"]
[White "Young, Greg"]
[Black "De Guzman, Ricardo"]
[Result "0-1"]
[WhiteElo "1871"]
[BlackElo "2448"]
[PlyCount "58"]
[EventDate "2005.08.06"]
[EventType "swiss (rapid)"]
[EventRounds "5"]
[EventCountry "USA"]

1. e4 c5 2. Nf3 e6 3. d4 cxd4 4. Nxd4 a6 5. Nc3 Qc7 6. Bd3 Nf6 7. O-O h5 8. h3
Bc5 9. Be3 d6 10. a4 Nbd7 11. Be2 b6 12. Rb1 Bb7 13. Bd3 g5 14. Qd2 g4 15. h4
d5 16. exd5 Nxd5 17. b4 Be7 18. Nxd5 Bxd5 19. c4 Bb7 20. g3 O-O-O 21. Be2 Nf6
22. Qb2 Ne4 23. Bf4 Bd6 24. Bxd6 Qxd6 25. Rfd1 Nxg3 26. fxg3 Qxg3+ 27. Kf1 Bg2+
28. Kg1 Bh3+ 29. Kh1 Qg2# 0-1

[Event "Pafnutieff Memorial G/45"]
[Site "San Francisco"]
[Date "2005.08.06"]
[Round "2"]
[White "Zhong, Michael"]
[Black "Vayntrub, Dmitry"]
[Result "1-0"]
[WhiteElo "1794"]
[BlackElo "2075"]
[PlyCount "49"]
[EventDate "2005.08.06"]
[EventType "swiss (rapid)"]
[EventRounds "5"]
[EventCountry "USA"]

1. c4 g6 2. Nf3 Bg7 3. g3 f5 4. d4 Nf6 5. Bg2 d6 6. Nc3 c6 7. O-O O-O 8. Re1
Nbd7 9. e4 Nb6 10. e5 Ne8 11. Qb3 d5 12. cxd5 cxd5 13. a4 a5 14. Bg5 Rf7 15. e6
Rf6 16. Bxf6 Nxf6 17. Ng5 Ra6 18. Kh1 Qf8 19. Bf1 Nc4 20. Bxc4 dxc4 21. Qxc4
Rb6 22. d5 Rxb2 23. d6 Rb4 24. Qc7 Bxe6 25. Rxe6 {remainder illegible} 1-0

[Event "Pafnutieff Memorial G/45"]
[Site "San Francisco"]
[Date "2005.08.06"]
[Round "3"]
[White "De Guzman, Ricardo"]
[Black "Sanguinetti, George"]
[Result "1-0"]
[WhiteElo "2448"]
[BlackElo "1978"]
[PlyCount "111"]
[EventDate "2005.08.06"]
[EventType "swiss (rapid)"]
[EventRounds "5"]
[EventCountry "USA"]

1. e4 c5 2. f4 e6 3. Nf3 d5 4. exd5 exd5 5. Bb5+ Bd7 6. Qe2+ Be7 7. O-O Qb6 8.
a4 a6 9. Bxd7+ Nxd7 10. Nc3 Qd6 11. d4 O-O-O 12. dxc5 Nxc5 13. Rd1 Nf6 14. Ne5
Qe6 15. f5 Qxf5 16. Nxf7 Rhe8 17. Nxd8 Bxd8 18. Qf3 Qe6 19. Bf4 Nce4 20. Nxe4
Nxe4 21. a5 Bxa5 22. Rxa5 Qb6+ 23. Kf1 Qxa5 24. Qg4+ Kd8 25. Qxg7 Qc5 26. Qd4
Qxd4 27. Rxd4 Nf6 28. Bg5 Rf8 29. Rxd5+ Kc7 30. Bxf6 Rxf6+ 31. Ke2 Kc6 32. Rh5
h6 33. g4 b5 34. b4 Kb6 35. Ke3 a5 36. bxa5+ Kxa5 37. c4 Kb4 38. cxb5 Kc4 39.
h3 Re6+ 40. Kf4 Kd4 41. Kg3 Rg6 42. Rf5 Ke4 43. Kh4 Rb6 44. Rc5 Kd4 45. Rc6
Rxb5 46. Rxh6 Rb3 47. Re6 Kd5 48. Re2 Rf3 49. g5 Rf8 50. Kg4 Rg8 51. h4 Rh8 52.
h5 Ra8 53. g6 Ra1 54. h6 Rg1+ 55. Kf5 Rf1+ 56. Kg5 1-0

[Event "Pafnutieff Memorial G/45"]
[Site "San Francisco"]
[Date "2005.08.06"]
[Round "3"]
[White "Goodkind, Lauren"]
[Black "Liou, Arthur"]
[Result "1-0"]
[WhiteElo "1786"]
[BlackElo "1480"]
[Annotator ",Anonymous"]
[PlyCount "25"]
[EventDate "2005.08.06"]
[EventType "swiss (rapid)"]
[EventRounds "5"]
[EventCountry "USA"]

1. e4 e5 2. Nf3 d5 3. exd5 Bd6 4. Nc3 Nf6 5. Bc4 O-O 6. d3 a6 7. Bg5 b5 8. Bb3
Bb7 9. Ne4 Nbd7 10. Qd2 Qc8 11. Nxf6+ Nxf6 12. Bxf6 gxf6 13. Qh6 {
remainder illegible} 1-0

[Event "Pafnutieff Memorial G/45"]
[Site "San Francisco"]
[Date "2005.08.06"]
[Round "3"]
[White "Lin, Owen"]
[Black "Wilson, Stephen"]
[Result "1-0"]
[WhiteElo "1713"]
[BlackElo "1140"]
[PlyCount "27"]
[EventDate "2005.08.06"]
[EventType "swiss (rapid)"]
[EventRounds "5"]
[EventCountry "USA"]

1. e4 e5 2. d4 exd4 3. c3 dxc3 4. Bc4 Bc5 5. Bxf7+ Kf8 6. Bxg8 Rxg8 7. Nxc3 Bb4
8. Nf3 Bxc3+ 9. bxc3 Ke7 10. Bg5+ Ke8 11. Bxd8 Kxd8 12. Ng5 h6 13. Ne6+ Ke7 14.
Nxc7 1-0

[Event "Pafnutieff Memorial G/45"]
[Site "San Francisco"]
[Date "2005.08.06"]
[Round "3"]
[White "Luke, Gary"]
[Black "Saguid, Vincent"]
[Result "1-0"]
[WhiteElo "1820"]
[BlackElo "1554"]
[PlyCount "57"]
[EventDate "2005.08.06"]
[EventType "swiss (rapid)"]
[EventRounds "5"]
[EventCountry "USA"]

1. d4 Nf6 2. c4 g6 3. Nc3 d5 4. g3 c6 5. Bg2 Bg7 6. Nf3 O-O 7. O-O Na6 8. Ne5
Nc7 9. c5 Ng4 10. f4 Bxe5 11. fxe5 Kg7 12. h3 Nh6 13. g4 Ng8 14. Qe1 Ne6 15. e3
Bd7 16. Ne2 Nc7 17. Qg3 f6 18. Bd2 Ne8 19. e4 dxe4 20. Bxe4 Rb8 21. Bc3 Nc7 22.
Nf4 Nd5 23. h4 Nxf4 24. Qxf4 Be6 25. d5 Bxd5 26. g5 Kf7 27. exf6 exf6 28. gxf6
Bxe4 29. Qxe4 {B time exp} 1-0

[Event "Pafnutieff Memorial G/45"]
[Site "San Francisco"]
[Date "2005.08.06"]
[Round "3"]
[White "Parker, Harold"]
[Black "Krubnik, Ewelina"]
[Result "0-1"]
[WhiteElo "1540"]
[BlackElo "1743"]
[PlyCount "73"]
[EventDate "2005.08.06"]
[EventType "swiss (rapid)"]
[EventRounds "5"]
[EventCountry "USA"]

1. e4 e5 2. Nf3 Nc6 3. Bc4 d6 4. d4 exd4 5. Nxd4 Nxd4 6. Qxd4 Nf6 7. O-O Be7 8.
Nc3 O-O 9. Bg5 Be6 10. Rad1 Kh8 11. Kh1 Nd7 12. Bxe7 Qxe7 13. f4 Nb6 14. Be2 f6
15. b3 Rae8 16. Bf3 Bf7 17. h3 a6 18. Rfe1 Rd8 19. Qe3 Rfe8 20. Qf2 Kg8 21. e5
fxe5 22. fxe5 d5 23. Qg3 c6 24. Qf2 Nd7 25. Qg3 Nxe5 26. Re2 Qf6 27. Rde1 Nxf3
28. Rxe8+ Rxe8 29. Rxe8+ Bxe8 30. Qxf3 Qxf3 31. gxf3 Bg6 32. Na4 Bxc2 33. Nc5
d4 34. Kg1 d3 35. Ne4 Kf7 36. Kf2 h5 37. Ke3 0-1

[Event "Pafnutieff Memorial G/45"]
[Site "San Francisco"]
[Date "2005.08.06"]
[Round "3"]
[White "Starr, Albert"]
[Black "Lupton, Stephen"]
[Result "1-0"]
[WhiteElo "1527"]
[BlackElo "1376"]
[PlyCount "69"]
[EventDate "2005.08.06"]
[EventType "swiss (rapid)"]
[EventRounds "5"]
[EventCountry "USA"]

1. b4 Nf6 2. Bb2 g6 3. e3 Bg7 4. Nf3 O-O 5. Be2 d6 6. O-O Re8 7. d3 e5 8. Nbd2
b6 9. c4 Bb7 10. a4 c5 11. b5 Nbd7 12. Nb3 d5 13. a5 dxc4 14. dxc4 Qc7 15. a6
Bxf3 16. Bxf3 Rad8 17. Qc2 e4 18. Be2 Ne5 19. Rad1 Neg4 20. g3 Ne5 21. Rd2 Nf3+
22. Bxf3 exf3 23. Rxd8 Rxd8 24. Nd2 Qd7 25. Nxf3 Qh3 26. Ng5 Qh5 27. h4 h6 28.
Ne4 Nxe4 29. Bxg7 Nd2 30. Bf6 Rd7 31. Rc1 Nf3+ 32. Kg2 Rd2 33. Qe4 Nh2 34. Qe8+
Kh7 35. Qh8# 1-0

[Event "Pafnutieff Memorial G/45"]
[Site "San Francisco"]
[Date "2005.08.06"]
[Round "3"]
[White "Vayntrub, Dmitry"]
[Black "Vora, Partha"]
[Result "1-0"]
[WhiteElo "2075"]
[BlackElo "1536"]
[PlyCount "59"]
[EventDate "2005.08.06"]
[EventType "swiss (rapid)"]
[EventRounds "5"]
[EventCountry "USA"]

1. c4 e5 2. g3 Nf6 3. Bg2 Nc6 4. Nc3 Bc5 5. e3 d6 6. a3 a5 7. Nge2 O-O 8. O-O
Be6 9. d4 exd4 10. exd4 Nxd4 11. Nxd4 Bxc4 12. Re1 Re8 13. Rxe8+ Qxe8 14. Be3
Bxd4 15. Qxd4 Be6 16. Re1 Qd7 17. Bxb7 Rf8 18. Bh1 Bg4 19. Qa7 Bh5 20. Bd4 Bg6
21. Bxf6 gxf6 22. Nd5 Kg7 23. Qxc7 Qf5 24. Qxd6 Bh5 25. Qf4 Qg6 26. Be4 Qg5 27.
Qxg5+ fxg5 28. Ne3 Re8 29. g4 Rxe4 30. Nf5+ 1-0

[Event "Pafnutieff Memorial G/45"]
[Site "San Francisco"]
[Date "2005.08.06"]
[Round "4"]
[White "Aigner, Michael"]
[Black "Gray, William"]
[Result "1-0"]
[WhiteElo "2285"]
[BlackElo "1994"]
[PlyCount "26"]
[EventDate "2005.08.06"]
[EventType "swiss (rapid)"]
[EventRounds "5"]
[EventCountry "USA"]

1. e4 c5 2. Nc3 e6 3. g3 Nc6 4. Bg2 Nge7 5. d3 g6 6. Be3 d6 7. Qd2 Bg7 8. Bh6
Bxh6 9. Qxh6 Nd4 10. O-O-O Bd7 11. Nce2 Qa5 12. Nxd4 cxd4 13. Kb1 Rc8 {
remainder illegible} 1-0

[Event "Pafnutieff Memorial G/45"]
[Site "San Francisco"]
[Date "2005.08.06"]
[Round "4"]
[White "Filgueiras, Leonardo"]
[Black "Parker, Harold"]
[Result "0-1"]
[WhiteElo "1184"]
[BlackElo "1540"]
[PlyCount "63"]
[EventDate "2005.08.06"]
[EventType "swiss (rapid)"]
[EventRounds "5"]
[EventCountry "USA"]

1. e4 e5 2. Nf3 Nc6 3. c3 d5 4. d4 exd4 5. Nxd4 dxe4 6. Nxc6 Qxd1+ 7. Kxd1 bxc6
8. Bf4 Bd6 9. Bxd6 cxd6 10. Nd2 Nf6 11. g3 O-O 12. Bg2 d5 13. Re1 Re8 14. c4 d4
15. Nxe4 Nxe4 16. Bxe4 Bb7 17. c5 g6 18. Bg2 Rxe1+ 19. Kxe1 Re8+ 20. Kd2 Re5
21. Rc1 Kf8 22. Kd3 Ke7 23. Rc2 Re1 24. Kxd4 f5 25. Kd3 Kd7 26. b4 Ba6+ 27. Kc3
Kc7 28. Rb2 Bb5 29. Kb3 Rc1 30. a4 Bc4+ 31. Ka3 Ra1+ 32. Ra2 0-1

[Event "Pafnutieff Memorial G/45"]
[Site "San Francisco"]
[Date "2005.08.06"]
[Round "4"]
[White "Krubnik, Ewelina"]
[Black "Vayntrub, Dmitry"]
[Result "0-1"]
[WhiteElo "1743"]
[BlackElo "2075"]
[PlyCount "63"]
[EventDate "2005.08.06"]
[EventType "swiss (rapid)"]
[EventRounds "5"]
[EventCountry "USA"]

1. d4 c5 2. d5 e5 3. c4 d6 4. Nc3 Be7 5. e4 Bg5 6. Be2 Nh6 7. Nf3 Bxc1 8. Rxc1
O-O 9. O-O Bg4 10. Nd2 Bd7 11. a3 Na6 12. Rb1 b6 13. Re1 Qe7 14. Nf1 f5 15.
exf5 Nxf5 16. Bd3 Nd4 17. Ng3 g6 18. b4 Rad8 19. Qd2 Bf5 20. Nce4 Bxe4 21. Rxe4
Kg7 22. f4 Qc7 23. fxe5 dxe5 24. b5 Nb8 25. Rbe1 Nd7 26. Rh4 Nf6 27. Qh6+ Kg8
28. Bxg6 Qg7 29. Qxg7+ Kxg7 30. Bd3 Rde8 31. Nh5+ Nxh5 32. Rxh5 {
remainder illegible; W lost material} 0-1

[Event "Pafnutieff Memorial G/45"]
[Site "San Francisco"]
[Date "2005.08.06"]
[Round "4"]
[White "Perepelitsky, Philipp"]
[Black "Luke, Gary"]
[Result "1-0"]
[WhiteElo "2066"]
[BlackElo "1820"]
[PlyCount "70"]
[EventDate "2005.08.06"]
[EventType "swiss (rapid)"]
[EventRounds "5"]
[EventCountry "USA"]

1. e4 c5 2. Nf3 Nc6 3. Bc4 Nf6 4. Nc3 Na5 5. Be2 d5 6. e5 d4 7. exf6 dxc3 8.
Ne5 exf6 9. Bb5+ Ke7 10. Nf3 a6 11. Bd3 Qd5 12. O-O Be6 13. Re1 Rd8 14. bxc3 c4
15. Be4 Qh5 16. Rb1 b5 17. Ba3+ Ke8 18. Bb4 Bxb4 19. cxb4 f5 20. bxa5 fxe4 21.
Rxe4 Kf8 22. a4 Bd5 23. Re3 Bxf3 24. Rxf3 Rd5 25. axb5 Rxb5 26. Rxb5 Qxb5 27.
Qa1 f6 28. h3 Kf7 29. Qd4 Re8 30. Rg3 g6 31. Rf3 f5 32. Rc3 Re4 33. Qa7+ Re7
34. Qb6 Re1+ 35. Kh2 Qe5+ {B time exp} 1-0

[Event "Pafnutieff Memorial G/45"]
[Site "San Francisco"]
[Date "2005.08.06"]
[Round "4"]
[White "Saguid, Vincent"]
[Black "Mohan, Vijay"]
[Result "1/2-1/2"]
[WhiteElo "1554"]
[BlackElo "1352"]
[PlyCount "58"]
[EventDate "2005.08.06"]
[EventType "swiss (rapid)"]
[EventRounds "5"]
[EventCountry "USA"]

1. Nf3 c5 2. g3 Nc6 3. Bg2 g6 4. O-O Bg7 5. d3 d6 6. c3 Nf6 7. h3 O-O 8. Nbd2
Bd7 9. e4 Qa5 10. Re1 Ne8 11. Nf1 Nc7 12. Bd2 b5 13. Qc1 Rab8 14. Bh6 b4 15.
Bxg7 Kxg7 16. Re2 Nb5 17. c4 Nbd4 18. Nxd4 Nxd4 19. Re1 {remainder illegible}
Qb6 20. Nd2 a5 21. Nb3 Nc6 22. Nd2 a4 23. b3 a3 24. Nf3 Qd8 25. e5 Re8 26. Qf4
dxe5 27. Nxe5 Nxe5 28. Qxe5+ f6 29. Qxc5 Bf5 1/2-1/2

[Event "Pafnutieff Memorial G/45"]
[Site "San Francisco"]
[Date "2005.08.06"]
[Round "4"]
[White "Sanguinetti, George"]
[Black "Goodkind, Lauren"]
[Result "1-0"]
[WhiteElo "1978"]
[BlackElo "1786"]
[PlyCount "51"]
[EventDate "2005.08.06"]
[EventType "swiss (rapid)"]
[EventRounds "5"]
[EventCountry "USA"]

1. e4 e5 2. f4 exf4 3. Bc4 Nc6 4. d4 Qh4+ 5. Kf1 Nf6 6. Nc3 Bb4 7. Nf3 Qh5 8.
e5 Bxc3 9. bxc3 Ne4 10. Bxf4 g5 11. Qd3 gxf4 12. Qxe4 b6 13. Qxf4 Na5 14. Bb3
Ba6+ 15. Ke1 Bc4 16. Kd2 O-O-O 17. Kc1 Rhg8 18. Rg1 Rg4 19. Qe3 Rdg8 20. g3 f5
21. Kb2 Nxb3 22. axb3 Bd5 23. c4 Bxf3 24. Qxf3 Kb8 25. Rxa7 c6 26. Rga1 1-0

[Event "Pafnutieff Memorial G/45"]
[Site "San Francisco"]
[Date "2005.08.06"]
[Round "4"]
[White "Starr, Albert"]
[Black "Jones, Ian"]
[Result "0-1"]
[WhiteElo "1527"]
[BlackElo "1659"]
[PlyCount "88"]
[EventDate "2005.08.06"]
[EventType "swiss (rapid)"]
[EventRounds "5"]
[EventCountry "USA"]

1. b4 e5 2. b5 a6 3. Bb2 axb5 4. Bxe5 Nc6 5. Bb2 Nf6 6. e3 b4 7. Nf3 d5 8. Be2
Be7 9. O-O O-O 10. d3 Be6 11. Nd4 Nxd4 12. Bxd4 c5 13. Bb2 d4 14. exd4 cxd4 15.
Nd2 Rxa2 16. Rxa2 Bxa2 17. Qa1 Be6 18. Bxd4 Qc7 19. Qb2 Ra8 20. Nb3 Bf8 21. Bd1
b6 22. Bxf6 gxf6 23. Qxf6 Bg7 24. Qf3 Re8 25. Re1 Bd7 26. Rxe8+ Bxe8 27. Qe4
Bc6 28. Qxb4 Qe5 29. d4 Qe4 30. Bf3 Qxc2 31. Kf1 Qb1+ 32. Qe1 Bb5+ 33. Be2
Bxe2+ 34. Kxe2 Qxb3 35. Qd2 Qc4+ 36. Qd3 Qxd4 37. Qxd4 Bxd4 38. f3 Kg7 39. Kd3
Bg1 40. h3 Kg6 41. Kc4 Kg5 42. g3 Bf2 43. f4+ Kf5 44. Kb5 Ke4 0-1

[Event "Pafnutieff Memorial G/45"]
[Site "San Francisco"]
[Date "2005.08.06"]
[Round "4"]
[White "Tsai, Chris"]
[Black "Wilson, Stephen"]
[Result "1-0"]
[WhiteElo "1491"]
[BlackElo "1140"]
[PlyCount "109"]
[EventDate "2005.08.06"]
[EventType "swiss (rapid)"]
[EventRounds "5"]
[EventCountry "USA"]

1. d4 e6 2. Nf3 Nf6 3. Bg5 Be7 4. e3 O-O 5. Nbd2 d6 6. c3 Nbd7 7. Bd3 Ne8 8.
Bf4 f5 9. h4 c5 10. Bg5 a6 11. e4 fxe4 12. Bxe4 d5 13. Bc2 c4 14. Qe2 Nc7 15.
O-O-O b5 16. Ne5 Bb7 17. Qh5 g6 18. Nxg6 Rf7 19. Nxe7+ Rxe7 20. Bxe7 Qxe7 21.
Rh3 Nf6 22. Rg3+ Kh8 23. Qe5 Rg8 24. Rxg8+ Kxg8 25. Qg5+ Qg7 26. Qxg7+ Kxg7 27.
Re1 Bc8 28. Nf3 Ng4 29. Re2 h6 30. Kd1 Kf7 31. Ne5+ Nxe5 32. Rxe5 Bd7 33. Ke2
Ne8 34. g4 Nf6 35. f3 Ke7 36. Bg6 Ng8 37. Ke3 Kf6 38. Bc2 Be8 39. f4 Bf7 40.
Kf3 Ke7 41. f5 Nf6 42. fxe6 Bg8 43. Bf5 Ne8 44. Rxd5 Nf6 45. Rc5 Kd6 46. Kf4
Bxe6 47. Bxe6 Kxe6 48. Rc6+ Kf7 49. Rxf6+ Kxf6 50. d5 Ke7 51. g5 hxg5+ 52. hxg5
Kd6 53. g6 Ke7 54. d6+ Ke8 55. g7 1-0

[Event "Pafnutieff Memorial G/45"]
[Site "San Francisco"]
[Date "2005.08.06"]
[Round "5"]
[White "Goodkind, Lauren"]
[Black "Tsai, Chris"]
[Result "1-0"]
[WhiteElo "1786"]
[BlackElo "1491"]
[PlyCount "63"]
[EventDate "2005.08.06"]
[EventType "swiss (rapid)"]
[EventRounds "5"]
[EventCountry "USA"]

1. e4 c5 2. f4 e5 3. d3 d6 4. Nf3 Nc6 5. Be2 Bg4 6. Nc3 Be7 7. O-O Nf6 8. Be3
Bxf3 9. Bxf3 Nd4 10. Nd5 Nxd5 11. exd5 O-O 12. Bg4 f5 13. Bh3 Qd7 14. c3 Nb5
15. a4 Nc7 16. c4 Rae8 17. g4 exf4 18. Bxf4 g5 19. Bd2 f4 20. Bg2 Bf6 21. Rb1
Qg7 22. Be4 Bxb2 23. Rf3 Bd4+ 24. Kh1 b6 25. Rh3 h6 26. Qf3 Re5 27. Rh5 Rf6 28.
Rf1 Ne8 29. h4 Qf8 30. hxg5 hxg5 31. Qh3 Kg7 32. Rh8 {remainder illegible} 1-0

[Event "Pafnutieff Memorial G/45"]
[Site "San Francisco"]
[Date "2005.08.06"]
[Round "5"]
[White "Gray, William"]
[Black "Wu, Edward"]
[Result "1-0"]
[WhiteElo "1994"]
[BlackElo "1796"]
[PlyCount "55"]
[EventDate "2005.08.06"]
[EventType "swiss (rapid)"]
[EventRounds "5"]
[EventCountry "USA"]

1. e4 e5 2. d4 exd4 3. Qxd4 Nc6 4. Qe3 b6 5. Bc4 Bb7 6. Bd2 Nf6 7. Nc3 Bc5 8.
Qg3 Rg8 9. O-O-O d6 10. Nf3 Qd7 11. e5 Ng4 12. e6 fxe6 13. Qxg4 d5 14. Bg5 Be7
15. Bb5 O-O-O 16. Ne5 Bxg5+ 17. Qxg5 Qe7 18. Qg3 Nxe5 19. Qxe5 Rdf8 20. Qe2 c6
21. Ba6 Kb8 22. Bxb7 Kxb7 23. Rhe1 Qg5+ 24. Kb1 Qxg2 25. Qxe6 Qxh2 26. Nxd5
cxd5 27. Qxd5+ Kc8 28. Re3 1-0

[Event "Pafnutieff Memorial G/45"]
[Site "San Francisco"]
[Date "2005.08.06"]
[Round "5"]
[White "Luke, Gary"]
[Black "Vora, Partha"]
[Result "1/2-1/2"]
[WhiteElo "1820"]
[BlackElo "1536"]
[PlyCount "92"]
[EventDate "2005.08.06"]
[EventType "swiss (rapid)"]
[EventRounds "5"]
[EventCountry "USA"]

1. d4 d5 2. c4 c6 3. Nf3 Nf6 4. Nc3 Bf5 5. Qb3 Qb6 6. cxd5 Qxb3 7. axb3 Nxd5 8.
Nxd5 cxd5 9. e3 f6 10. Bd2 Bc2 11. b4 Nc6 12. b5 Nd8 13. b6 a6 14. b4 Rc8 15.
b5 a5 16. Rxa5 Be4 17. Ng1 e5 18. f3 exd4 19. fxe4 dxe3 20. Ra2 exd2+ 21. Kxd2
dxe4 22. Ke3 f5 23. Ne2 g6 24. Nf4 Bh6 25. h4 Ne6 26. g3 Rc3+ 27. Kd2 Rxg3 28.
Ra8+ Nd8 29. Bc4 Bxf4+ 30. Kc2 Rg2+ 31. Kb3 Be3 32. Bd5 Bxb6 33. Bxb7 Ke7 34.
Bd5 Nf7 35. Rxh8 Nxh8 36. Rc1 Rg3+ 37. Kb4 e3 38. Rc6 Bd4 39. Bc4 f4 40. b6
Bc3+ 41. Kxc3 e2+ 42. Kd2 f3 43. b7 Rg1 44. Bxe2 fxe2 45. Kxe2 Rb1 46. Rc7+ Kf6
1/2-1/2

[Event "Pafnutieff Memorial G/45"]
[Site "San Francisco"]
[Date "2005.08.06"]
[Round "5"]
[White "Lupton, Stephen"]
[Black "Saguid, Vincent"]
[Result "0-1"]
[WhiteElo "1376"]
[BlackElo "1554"]
[PlyCount "62"]
[EventDate "2005.08.06"]
[EventType "swiss (rapid)"]
[EventRounds "5"]
[EventCountry "USA"]

1. e4 e6 2. d3 d5 3. g3 c5 4. Bg2 Nc6 5. Ne2 d4 6. c3 e5 7. O-O Nf6 8. h3 Be7
9. f4 Be6 10. f5 Bd7 11. g4 h6 12. Ng3 Qc7 13. g5 hxg5 14. Bxg5 O-O-O 15. Qb3
Rdf8 16. Nd2 Nh5 17. Nxh5 Bxg5 18. Qd1 Be3+ 19. Kh1 Bxd2 20. f6 g6 21. Ng3 Bxh3
22. Qxd2 Qd7 23. Qf2 Bxg2+ 24. Kxg2 Rh6 25. Qf3 Rfh8 26. Kf2 dxc3 27. bxc3 c4
28. Rad1 Rh2+ 29. Ke3 {draw offer} Qh3 30. Rg1 Qh6+ 31. Qf4 Qxf4# 0-1

[Event "Pafnutieff Memorial G/45"]
[Site "San Francisco"]
[Date "2005.08.06"]
[Round "5"]
[White "Mohan, Vijay"]
[Black "Starr, Albert"]
[Result "0-1"]
[WhiteElo "1352"]
[BlackElo "1527"]
[PlyCount "114"]
[EventDate "2005.08.06"]
[EventType "swiss (rapid)"]
[EventRounds "5"]
[EventCountry "USA"]

1. e4 e5 2. f4 Bc5 3. Nf3 d6 4. Nc3 c6 5. Bc4 Be6 6. Bxe6 fxe6 7. Na4 Bb6 8.
Nxb6 axb6 9. fxe5 dxe5 10. O-O Nf6 11. d3 h6 12. Be3 Nbd7 13. Nd2 O-O 14. Qf3
Kh7 15. Qh3 Qe8 16. Nc4 b5 17. Nb6 Ra6 18. Nxd7 Nxd7 19. Rxf8 Nxf8 20. a3 b4
21. Bc5 bxa3 22. Rxa3 Rxa3 23. Bxa3 Ng6 24. Qf3 Nf4 25. g3 Qg6 26. Bd6 Nh3+ 27.
Kf1 Ng5 28. Qg4 Qf6+ 29. Ke2 Nf7 30. Bc5 Qg6 31. Qxg6+ Kxg6 32. Kf3 Ng5+ 33.
Kg4 h5+ 34. Kh4 Nf3+ 35. Kh3 Ne1 36. Bd6 Kf6 37. Kh4 g6 38. g4 hxg4 39. Kxg4
Nxc2 40. Kf3 b5 41. Bc5 Nd4+ 42. Bxd4 exd4 43. Kf4 g5+ 44. Kg4 e5 45. b4 Kg6
46. h3 Kf6 47. Kh5 c5 48. bxc5 b4 49. c6 Ke7 50. Kxg5 b3 51. h4 b2 52. h5 b1=Q
53. h6 Qg1+ 54. Kf5 Qh2 55. Kg6 Qg3+ 56. Kh7 Kf7 57. c7 Qg8# 0-1

[Event "Pafnutieff Memorial G/45"]
[Site "San Francisco"]
[Date "2005.08.06"]
[Round "5"]
[White "Parker, Harold"]
[Black "Goodkind, Barbara"]
[Result "0-1"]
[WhiteElo "1540"]
[BlackElo "1699"]
[PlyCount "57"]
[EventDate "2005.08.06"]
[EventType "swiss (rapid)"]
[EventRounds "5"]
[EventCountry "USA"]

1. e4 g6 2. d4 Bg7 3. Nf3 e6 4. c4 d5 5. cxd5 exd5 6. e5 Ne7 7. Nc3 O-O 8. Be2
Bf5 9. O-O Nd7 10. Be3 c5 11. Qd2 Re8 12. Nh4 Be6 13. f4 cxd4 14. Bxd4 Nc6 15.
Nf3 a6 16. a4 a5 17. Bf2 Nb4 18. Nd4 b6 19. Ncb5 Nc5 20. Nd6 Re7 21. Bh4 Qc7
22. Bxe7 Qxe7 23. Rac1 Rd8 24. Bb5 Rxd6 25. exd6 Qxd6 26. Rce1 Ne4 27. Qd1 Qc5
28. Qe2 Qxd4+ 29. Kh1 {remainder illegible} 0-1

[Event "Pafnutieff Memorial G/45"]
[Site "San Francisco"]
[Date "2005.08.06"]
[Round "5"]
[White "Vayntrub, Dmitry"]
[Black "Sanguinetti, George"]
[Result "1-0"]
[WhiteElo "2075"]
[BlackElo "1978"]
[PlyCount "68"]
[EventDate "2005.08.06"]
[EventType "swiss (rapid)"]
[EventRounds "5"]
[EventCountry "USA"]

1. c4 Nf6 2. g3 c5 3. Bg2 Nc6 4. Nc3 e6 5. Nf3 d5 6. cxd5 exd5 7. d4 cxd4 8.
Nxd4 Be7 9. O-O O-O 10. b3 Be6 11. Bb2 Qd7 12. Nxe6 fxe6 13. Bh3 Rad8 14. e3 a6
15. Ne2 Bd6 16. Nf4 Bxf4 17. exf4 Rfe8 18. Re1 Qd6 19. Qe2 Ne4 20. Rad1 Qc5 21.
Rc1 Qb6 22. Bg2 Nd6 23. Rcd1 Qc5 24. Qd2 Nb5 25. f5 d4 26. fxe6 Qf5 27. Qe2 Nc7
28. e7 Rxe7 29. Qc4+ Nd5 30. Rxe7 Ncxe7 31. Qxd4 Qf7 32. Ba3 Nc6 33. Qxd5 Qxd5
34. Rxd5 Re8 1-0

[Event "Pafnutieff Memorial G/45"]
[Site "San Francisco"]
[Date "2005.08.06"]
[Round "5"]
[White "Wilson, Stephen"]
[Black "Celis, Christian"]
[Result "1-0"]
[WhiteElo "1140"]
[BlackElo "1450"]
[PlyCount "53"]
[EventDate "2005.08.06"]
[EventType "swiss (rapid)"]
[EventRounds "5"]
[EventCountry "USA"]

1. e4 c5 2. d4 cxd4 3. Qxd4 Nc6 4. Qd1 Nf6 5. Nc3 d6 6. Bg5 e6 7. Bxf6 Qxf6 8.
Qf3 Be7 9. Qxf6 Bxf6 10. Nge2 a6 11. O-O-O Ke7 12. g3 Bd7 13. Bg2 Rac8 14. Rd3
Ne5 15. Rd2 b5 16. f4 Nc4 17. Rd3 b4 18. Nb1 a5 19. c3 Bb5 20. Nd4 Ba6 21. Kc2
bxc3 22. bxc3 Bxd4 23. Rxd4 Rc6 24. Re1 Rd8 25. e5 dxe5 26. Rxd8 Kxd8 27. Bxc6
1-0

[Event "Bernardo Smith Memorial"]
[Site "San Francisco"]
[Date "2005.08.20"]
[Round "1"]
[White "Astle, Brian"]
[Black "Wilson, Stephen"]
[Result "1-0"]
[WhiteElo "1564"]
[BlackElo "1140"]
[PlyCount "88"]
[EventDate "2005.08.20"]
[EventType "swiss"]
[EventRounds "6"]
[EventCountry "USA"]

1. d4 d5 2. Nf3 Nf6 3. Bg5 Nbd7 4. e3 a6 5. Nbd2 h6 6. Bh4 g5 7. Bg3 Bg7 8. Bd3
O-O 9. c3 b6 10. h4 Nh7 11. hxg5 f6 12. gxh6 Bh8 13. Nh4 Rf7 14. Bxh7+ Rxh7 15.
Qg4+ Kf8 16. Qg6 Rf7 17. h7 Rg7 18. Qh6 e6 19. Ng6+ Kf7 20. Nxh8+ Qxh8 21. Bxc7
b5 22. Bg3 Nf8 23. Qf4 Ra7 24. e4 Rxh7 25. Rxh7+ Qxh7 26. O-O-O Ng6 27. Qb8 Re7
28. Qxc8 Re8 29. Qxa6 e5 30. exd5 exd4 31. Qxb5 dxc3 32. bxc3 Ne5 33. Bxe5 Rxe5
34. Qb7+ Kg8 35. Qxh7+ Kxh7 36. Nc4 Re8 37. d6 Rd8 38. d7 Kg7 39. Ne3 Kf7 40.
c4 Ke7 41. a4 Rxd7 42. Rxd7+ Kxd7 43. Nd5 f5 44. a5 Kc8 1-0

[Event "Bernardo Smith Memorial"]
[Site "San Francisco"]
[Date "2005.08.20"]
[Round "1"]
[White "Beese, Michael"]
[Black "Triptow, Tim"]
[Result "1-0"]
[WhiteElo "792"]
[BlackElo "670"]
[PlyCount "57"]
[EventDate "2005.08.20"]
[EventType "swiss"]
[EventRounds "6"]
[EventCountry "USA"]

1. e4 e5 2. Nf3 Nc6 3. Bb5 a6 4. Bxc6 bxc6 5. Nxe5 Qf6 6. d4 Bb4+ 7. c3 Ba5 8.
Nd2 c5 9. Qf3 Qxf3 10. Ndxf3 Nf6 11. O-O O-O 12. Re1 cxd4 13. Nxd4 Nh5 14. Nb3
Bb6 15. Nc4 d5 16. Nxb6 cxb6 17. exd5 a5 18. a4 Nf6 19. c4 Ba6 20. Nd2 Rfe8 21.
Rxe8+ Rxe8 22. h3 h6 23. b3 Re1+ 24. Kh2 g5 25. g4 Bc8 26. f3 Kg7 27. Bb2 Re2+
28. Kg3 Rxd2 29. Bxf6+ {remainder illegible} 1-0